000 00511nam a2200229Ia 4500
003 OSt
005 20220924145522.0
006 a|||||r|||| 00| 0
007 ta
008 220923b |||||||| |||| 00| 0 tel d
020 _c50.00
024 _a329058
037 _cTextual
040 _aARTS
_cARTS
_btel
041 _2tel
_atel
082 _aNQ, 35N3
245 0 _aTeevee
260 _c1993
650 _aPAINTING
_934359
942 _hNQ, 35N3
_cTEXL
_2CC
999 _c460329
_d460329